Complete the Romeo & Juliet Quote Quiz Stats

 Plays Quiz Updated Jul 6, 2012

Challenge
Share
Tweet
Embed
Score 0/71 Timer 08:00
2 Plays Today
% Correct
name
80.6%
love
77.2%
rose
75.3%
sun
74.9%
sweet
74.3%
call
73%
Verona
72%
Romeo
71.9%
yonder
71.4%
Juliet
71.3%
smell
71.1%
light
70.9%
heart
67.6%
houses
66.7%
hands
61.3%
scene
61%
star-cross'd
60.8%
story
60.8%
east
60%
night
59.5%
thumb
58.8%
sorrow
56.7%
dignity
56.4%
bite
55.8%
woe
55.2%
die
54.6%
blood
54.1%
ne'er
53.1%
Parting
52.8%
only
52.6%
life
50.3%
pair
49.3%
beauty
49.2%
ancient
49.1%
plague
47.4%
let
47.3%
% Correct
dagger
47%
hate
46.5%
kiss
45.8%
morrow
42.7%
loins
42%
soft
40.9%
late
40.7%
find
40.2%
households
39.8%
mutiny
39.4%
sprung
37.9%
tomorrow
37.5%
quick
36.2%
Montagues
34.1%
foes
32.7%
sheath
32.4%
grave
31.9%
apothecary
31.3%
good-night
30.7%
rest
27.9%
meat
27.7%
looks
27.4%
dreams
24.6%
worm's
23.4%
peace
22.4%
hell
20.9%
schoolboys
20.7%
brain
20.4%
talk
20.1%
toward
19.8%
children
19.1%
Forswear
18.4%
unknown
14.5%
nothing
14.5%
fantasy
9.9%

You're not logged in!

Compare scores with friends on all Sporcle quizzes.
Join for Free
OR
Log In

You Might Also Like...

Show Comments

Extras

Top Quizzes Today


Score Distribution

Your Account Isn't Verified!

In order to create a playlist on Sporcle, you need to verify the email address you used during registration. Go to your Sporcle Settings to finish the process.

Report this User

Report this user for behavior that violates our Community Guidelines.

Details: